Immigration de France par pays - Statistiques

Statistiques générales
  • Ce quiz a été pris 641 fois
  • Le résultat moyen est 11 sur 16
Statistiques - réponses
# pays d'origine % Correct
472,600 Maroc
100%
518,100 Algérie
99%
163,600 Espagne
92%
187,100 Tunisie
92%
202,600 Italie
87%
548,700 Portugal
86%
86,600 Allemagne
78%
69,200 Sénégal
74%
146,100 Royaume-Uni
73%
101,700 Belgique
71%
78,100 Mali
64%
102,100 Chine
63%
211,800 Turquie
63%
116,800 Roumanie
33%
147,200 Comores
17%
77,500 Haïti
8%
Aucun quiz correspondant
Distribution des résultats
% des personnes avec chaque résultat
Percentile par nombre de réponses
Votre historique - résultats
Vous n’avez pas pris ce quiz